| 000 | 00346nam a22001337a 4500 | ||
|---|---|---|---|
| 999 |
_c7696 _d7696 |
||
| 005 | 20190306124644.0 | ||
| 008 | 190306b ||||| |||| 00| 0 eng d | ||
| 040 | _cJitshen | ||
| 082 | _a495.43 D53d | ||
| 245 | _aDha tray Nga Gi Dren Mey Drelpa Selwai Melong shey Jawa shugso | ||
| 260 | _cNA | ||
| 300 |
_a180 p. _c21 cm. |
||
| 942 |
_2ddc _cFAC RES |
||